000 01164 a2200253 4500
003 Nust
005 20220811155506.0
010 _a 2004052467
020 _a0471484059
040 _cNust
082 0 0 _a621.38121,FUR
245 0 0 _aFuture trends in microelectronics :
_bthe nano, the giga, and the ultra /
_cedited by Serge Luryi, Jimmy Xu, Alex Zaslavsky.
260 _aNew York :
_bIEEE ;
_aHoboken, N.J. :
_bWiley,
_cc2004.
300 _axiii, 408 p. :
_bill. ;
_c25 cm.
505 _aPart 1:- Silicon in the Nano Age (Page-1), Sers and Other Nano materialism,Quanta,Spins,and Molecules (Page-145), Part 3:- Quantum Cascade Terahertz La Laser Novelties (Page-283).
650 0 _aTelecommunication Engineering.
700 1 _aLuryi, Serge.
_977292
700 1 _aXu, Jimmy.
_996933
700 1 _aZaslavsky, Alexander.
_996934
856 4 2 _3Contributor biographical information
_uhttp://www.loc.gov/catdir/enhancements/fy0618/2004052467-b.html
856 4 2 _3Publisher description
_uhttp://www.loc.gov/catdir/description/wiley042/2004052467.html
856 4 2 _3Table of contents only
_uhttp://www.loc.gov/catdir/toc/wiley041/2004052467.html
942 _cREF
_2ddc
999 _c175548
_d175548